00342nam a2200121Ia 4500008004100000040001600041041001200057082001600069100002400085245005500109260004100164300001500205230917s9999||||xx |||||||||||||| ||und|| e67476aMAIN aEnglish a615.532 I2I aGovernment of India 0aIndian systems of medicine and homeopathy in India aNew DelhibGovernment of Indiac1987 avi, 280 p.